000 00842nam a2200253Ia 4500
003 OSt
005 20220616105406.0
008 210716s1972 xx 000 0 und d
020 _a0471219193
040 _cAIMIT LIBRARY
041 _aeng
082 _a511.42
_21
_bDORW
100 _aDorn, William S.
_943254
245 _aNumerical methods with fortran iv case studies /
_cBy William S Dorn and Daniel D McCracken.
250 _a1st ed.
260 _aNew York :
_bJohn Wiley and Sons ,
_c1972.
300 _axii,447p. ;
_c24.5 cm.
650 _aSolutions of equations
_943255
650 _aNumerical instabilities and their cure
_943256
650 _aNumerical differentiation and integration
_943257
650 _aLeast squares approximations
_943258
700 _aMcCracken, Daniel D.
_943259
942 _2ddc
_cBK
_e1st
_k511.42 DORW
999 _c180966
_d180966